[Event "36 Abierto Ciudad de Sevilla"]
[Site "?"]
[Date "2011.01.11"]
[Round "5"]
[White "Fernandez Romero, Ernesto"]
[Black "Rizouk, Aimen"]
[Result "1/2-1/2"]
[WhiteElo "2453"]
[BlackElo "2539"]
[PlyCount "26"]
[EventDate "2011.01.11"]
[SourceDate "2011.01.07"]

1. e4 e5 2. Nf3 Nf6 3. Nxe5 d6 4. Nf3 Nxe4 5. Nc3 Nxc3 6. dxc3 Be7 7. Be3 Nc6
8. Qd2 Be6 9. O-O-O Qd7 10. Kb1 a6 11. h4 h6 12. Nd4 Nxd4 13. cxd4 d5 {
Diagrama #} 1/2-1/2

[Event "36 Abierto Ciudad de Sevilla"]
[Site "?"]
[Date "2011.01.11"]
[Round "5"]
[White "Abbasov, Farid"]
[Black "Saric, Ante"]
[Result "1-0"]
[WhiteElo "2537"]
[BlackElo "2482"]
[PlyCount "35"]
[EventDate "2011.01.11"]
[SourceDate "2011.01.07"]

1. d4 d5 2. c4 c6 3. Nf3 Nf6 4. Qb3 dxc4 5. Qxc4 Bf5 6. g3 e6 7. Bg2 Nbd7 8.
O-O Be7 9. e3 O-O 10. Qe2 Rc8 11. Rd1 {
también se ha jugado, obviamente, 11.Nc3 y 11.Nbd2} c5 12. Nc3 Ne4 13. Nxe4 ({
o bien} 13. Ne1 Ndf6 14. f3 Nxc3 15. bxc3 cxd4 16. e4 Bg6 17. cxd4 {
1/2-1/2 en 43 Wojtkiewicz,A (2566)-Winer,S (2317)/Connecticut 2003}) 13... Bxe4
14. dxc5 {Diagrama #} Bxc5 $2 (14... Rxc5 $11) 15. Ne5 $18 Bxg2 16. Kxg2 Nxe5 (
16... Rc7 17. Qd3 $19) 17. Rxd8 Rfxd8 18. Bd2 1-0

[Event "36 Abierto Ciudad de Sevilla"]
[Site "?"]
[Date "2011.01.11"]
[Round "5"]
[White "Alonso Garcia, Rene Marcial"]
[Black "Starostitis, Ilmars"]
[Result "1/2-1/2"]
[WhiteElo "2403"]
[BlackElo "2494"]
[PlyCount "27"]
[EventDate "2011.01.11"]
[SourceDate "2011.01.07"]

1. e4 c5 2. Nf3 d6 3. d4 cxd4 4. Nxd4 Nf6 5. Nc3 g6 6. Be3 Bg7 7. f3 Nc6 8. Qd2
h5 9. Bc4 Bd7 10. Nxc6 bxc6 11. O-O O-O 12. Kh1 Kh7 13. Rad1 Qa5 14. Rfe1 {
Diagrama #} 1/2-1/2

[Event "36 Abierto Ciudad de Sevilla"]
[Site "?"]
[Date "2011.01.11"]
[Round "5"]
[White "Corrales Jimenez, Fidel"]
[Black "Estrada Martinez, Cesar"]
[Result "1-0"]
[WhiteElo "2591"]
[BlackElo "2167"]
[PlyCount "89"]
[EventDate "2011.01.11"]
[SourceDate "2011.01.07"]

1. e4 c6 2. c4 g6 3. d4 Bg7 4. Nc3 d6 5. Be3 Nf6 6. f3 O-O 7. Bd3 e5 8. d5 Nh5
9. Nge2 f5 10. Qd2 f4 11. Bf2 c5 12. a3 g5 13. b4 (13. g4 $5 Nf6 (13... fxg3
14. hxg3 $18) 14. h4 h6 $16) 13... b6 (13... g4) 14. Rb1 (14. g4) 14... g4 15.
Kd1 Bf6 16. Qe1 Kh8 17. Kc2 Rg8 18. Rg1 a6 19. bxc5 bxc5 20. Na4 Nd7 21. fxg4
Rxg4 22. Nc1 Rg8 23. Be2 Ng7 24. Rb3 Rb8 25. g4 Rxb3 (25... fxg3 {era mejor})
26. Nxb3 Nb6 27. Nc3 Bd7 28. h4 {Diagrama # el blanco tiene clara iniciativa
en el flanco de rey y se defenderá con una sorprendente economía de medios en
el de dama} Na4 29. g5 Be7 30. Nb1 Qb6 31. N1d2 Be8 32. Bg4 a5 33. Qf1 Nb2 {
el negro busca cómo "entrar" y el blanco mantiene las "casillas" cerradas} 34.
Qh3 a4 35. Nc1 Bg6 36. Qc3 {y el caballo queda perdido} Rb8 37. Bf3 Be8 38. Ne2
Nxc4 {ante Tb1} 39. Nxc4 Qa6 40. Nc1 Bb5 41. Be2 f3 42. Bd3 Nh5 43. Nxe5 dxe5
44. Qxe5+ Ng7 45. Qxb8+ 1-0

[Event "36 Abierto Ciudad de Sevilla"]
[Site "?"]
[Date "2011.01.11"]
[Round "5"]
[White "Gonzalez Garcia, Jose"]
[Black "Teran Alvarez, Ismael"]
[Result "1-0"]
[WhiteElo "2503"]
[BlackElo "2432"]
[PlyCount "53"]
[EventDate "2011.01.11"]
[SourceDate "2011.01.07"]

1. Nf3 c5 2. e4 d6 3. d4 cxd4 4. Nxd4 Nf6 5. Nc3 Nc6 6. Bg5 Bd7 7. Qd2 Rc8 8.
Nxc6 Bxc6 9. f3 a6 10. O-O-O e6 11. Kb1 Be7 12. h4 O-O ({o bien} 12... h6 13.
Be3 b5 14. Bd3 Nd7 15. Qf2 Qc7 16. Ne2 a5 17. Nd4 $14 {
Predojevic,B (2549)-Doric,D (2368)/Djakovo 2005}) 13. Ne2 ({se había jugado} 
13. Bd3 Qc7 14. g4 {
La del texto, en posición similar es una idea que Svidler jugó ante Dreev})
13... b5 14. Nd4 Qb6 15. g4 b4 16. Be3 Qb7 17. g5 $6 {Diagrama #} Nd7 $2 ({
Terán descartó} 17... Nxe4 18. fxe4 Bxe4 19. Rh2 e5 {por} 20. Nb3 (20. Bd3 Bxd3
21. Qxd3 exd4 22. Bxd4 $15) (20. Bg2 Bxg2 21. Qxg2 Qxg2 22. Rxg2 exd4 23. Rxd4
$15) 20... Bxc2+ 21. Qxc2 Rxc2 22. Rxc2 {pero el negro queda mejor tras} Qe4
23. Bf2 Rc8) 18. g6 $1 Nc5 (18... hxg6 19. h5 gxh5 20. Rxh5 $18 Bf6 (20... Ne5
21. Qh2 Ng6 22. Bd3 $18) 21. Rh1 $1 Be5 22. Nxc6 Qxc6 23. f4 Bxb2 24. Kxb2 $18)
19. h5 $18 Bf6 20. Bg5 (20. gxh7+ Kh8 21. h6 g6 22. Rg1 Kxh7) 20... Be5 21.
gxh7+ Kxh7 22. Nxc6 Rxc6 23. f4 Bc3 24. Qg2 Na4 25. e5 dxe5 (25... d5 26. Bf6
gxf6 27. Rg1) (25... dxe5 26. Bf6 gxf6 27. Rg1) (25... Nxb2 26. Bf6) 26. Bf6
Rg8 27. Bd3+ 1-0

[Event "36 Abierto Ciudad de Sevilla"]
[Site "?"]
[Date "2011.01.11"]
[Round "5"]
[White "Campora, Daniel H"]
[Black "Korneev, Oleg"]
[Result "1-0"]
[WhiteElo "2488"]
[BlackElo "2576"]
[PlyCount "25"]
[EventDate "2011.01.11"]
[SourceDate "2011.01.07"]

1. e4 c5 2. Nf3 d6 3. d4 Nf6 4. dxc5 Nxe4 5. cxd6 Nc6 6. Nbd2 ({
?qué pasaría con 6.dxe7? vean un pequeño ejemplo para entretenernos} 6. dxe7
Qxd1+ 7. Kxd1 Nxf2+ 8. Ke1 Nxh1 9. exf8=Q+ Rxf8 10. Bd3 Bg4 11. Kf1 Nb4 12. Kg1
Nxd3 13. cxd3 O-O-O 14. Nc3 Bxf3 15. gxf3 Rxd3 16. Kxh1 Rxf3 17. Kg2 Rd3 {
y prefiero las negras}) 6... Nxd6 7. Nc4 e5 8. Be3 Be6 9. Nxd6+ Bxd6 10. c3 h6
11. Qa4 O-O 12. Bc4 Qe7 13. O-O-O {ilegible Diagrama #} 1-0

[Event "36 Abierto Ciudad de Sevilla"]
[Site "?"]
[Date "2011.01.11"]
[Round "5"]
[White "Campora Perez, Daniel"]
[Black "Paunovic, Dragan"]
[Result "0-1"]
[WhiteElo "2172"]
[BlackElo "2509"]
[PlyCount "96"]
[EventDate "2011.01.11"]
[SourceDate "2011.01.07"]

1. e4 c5 2. Nf3 e6 3. d4 cxd4 4. Nxd4 a6 5. Nc3 Qc7 6. Be2 Nf6 7. O-O Be7 8.
Kh1 O-O 9. f4 d6 10. a4 Nc6 11. Be3 Bd7 12. Qe1 Nb4 13. Qg3 Kh8 14. Rad1 Rac8
15. Bc1 d5 16. e5 Ne4 17. Nxe4 dxe4 18. f5 (18. c3) 18... exf5 19. c3 Nd3 20.
Bxd3 exd3 21. Rxd3 g6 22. Bh6 Rfd8 23. Re3 Be6 24. Bg5 Re8 25. Bh6 Rcd8 26. Qf4
Rg8 27. Bg5 Rde8 28. Nf3 $6 (28. Qh4 Bxg5 29. Qxg5 Qe7 $14) 28... f6 29. exf6
Qxf4 30. Bxf4 Bxf6 $11 31. Rfe1 Bd7 32. a5 Rxe3 33. Rxe3 Bc6 34. Be5 (34. Ne5)
34... Kg7 35. Kg1 Bxf3 36. gxf3 Rd8 $15 37. Bxf6+ Kxf6 38. Kf2 {Diagrama #} (
38. f4) 38... g5 39. c4 Rd2+ 40. Re2 Rd4 41. Rc2 Ke5 42. Ke3 Rh4 43. Kd3 Rh3
44. Rf2 g4 45. b4 Rxf3+ 46. Rxf3 gxf3 47. Ke3 f2 48. Kxf2 Kd4 0-1

[Event "36 Abierto Ciudad de Sevilla"]
[Site "?"]
[Date "2011.01.11"]
[Round "5"]
[White "Urbina Perez, Juan Antonio"]
[Black "Komljenovic, Davorin"]
[Result "0-1"]
[WhiteElo "2189"]
[BlackElo "2457"]
[PlyCount "94"]
[EventDate "2011.01.11"]
[SourceDate "2011.01.07"]

1. e4 c5 2. Nf3 d6 3. d4 cxd4 4. Nxd4 Nf6 5. Nc3 a6 6. Be3 h5 7. f3 e6 8. Qd2
Qc7 9. O-O-O b5 10. Bd3 Bb7 11. Rhe1 Be7 12. h3 h4 13. a3 Nbd7 14. Bg5 Ne5 15.
f4 Nxd3+ 16. Qxd3 O-O-O 17. Nf3 Nh5 18. Qe3 Bxg5 19. fxg5 Qc5 20. Qxc5+ dxc5
21. Rxd8+ Kxd8 22. Ne5 Kc7 23. Rf1 (23. Nxf7 Rf8 24. Ne5 Rf2 25. Nd3 Rxg2 26.
Nxc5 Bc8 27. e5 Rxg5 28. Re4 $11) 23... f6 24. Ng6 Rg8 25. gxf6 gxf6 26. Nxh4
Kd6 27. g4 $14 b4 28. Ne2 Ng7 29. Rxf6 Bxe4 30. Rf4 Kd5 31. Ng3 Rh8 32. Nxe4
Rxh4 33. Nf2 (33. Ng5 $18) 33... e5 34. Rf7 Ne6 35. Rd7+ Kc6 {Diagrama #} 36.
Ra7 $2 (36. Re7 Kd5 37. axb4 cxb4 38. Rb7 $16) 36... Nc7 37. axb4 cxb4 38. Kd2
Kb6 39. Rxc7 Kxc7 40. Ke3 Kd6 41. Kf3 Kd5 42. Kg3 Rh8 43. g5 Rc8 44. Nd3 a5 45.
Ne1 a4 46. Nd3 Rb8 47. Kg4 a3 0-1

[Event "36 Abierto Ciudad de Sevilla"]
[Site "?"]
[Date "2011.01.11"]
[Round "5"]
[White "Van Hoolandt, Patrick"]
[Black "Barrero Garcia, Carlos"]
[Result "1/2-1/2"]
[WhiteElo "2158"]
[BlackElo "2395"]
[PlyCount "69"]
[EventDate "2011.01.11"]
[SourceDate "2011.01.07"]

1. d4 Nf6 2. c4 g6 3. Nc3 Bg7 4. e4 d6 5. Nf3 O-O 6. Be3 Na6 7. Be2 e5 8. O-O
Ng4 9. Bg5 Qe8 10. dxe5 dxe5 11. h3 h6 12. Bd2 Nf6 13. Be3 b6 14. a3 Bb7 15.
Qc2 Nc5 (15... Nh5) 16. Bxc5 bxc5 17. Nd5 Qb8 18. b4 Nh5 (18... c6) 19. bxc5 c6
20. Rab1 cxd5 (20... Nf4) 21. c6 $18 Qc7 22. cxb7 Rab8 23. exd5 Nf4 24. Rfd1
Rfd8 25. Ne1 Bf8 26. Bg4 f5 27. g3 fxg4 28. gxf4 Kh7 29. hxg4 exf4 30. Kg2 Bxa3
31. f3 (31. Qa4 Bc5 32. Qc6 $18) 31... Rxb7 $16 32. Rxb7 Qxb7 33. c5 (33. Nd3)
33... Qc7 (33... Qe7) 34. c6 (34. Nd3) 34... a5 35. Qd3 {Diagrama #} 1/2-1/2

[Event "36 Abierto Ciudad de Sevilla"]
[Site "?"]
[Date "2011.01.11"]
[Round "5"]
[White "Lemos, Damian"]
[Black "Razmyslov, Alexander"]
[Result "1/2-1/2"]
[WhiteElo "2553"]
[BlackElo "2439"]
[PlyCount "47"]
[EventDate "2011.01.11"]
[SourceDate "2011.01.07"]

1. d4 Nf6 2. Nf3 e6 3. c4 d5 4. Nc3 Bb4 5. Qa4+ Nc6 6. e3 Bd7 7. Qc2 a5 8. Be2
Be7 9. a3 a4 10. c5 O-O 11. Bd3 h6 12. Bb5 Qe8 13. O-O Ne4 14. Bxa4 Nxd4 15.
exd4 Bxa4 16. b3 Bc6 17. Bf4 b6 18. b4 Ra7 19. Ne5 Nxc3 20. Qxc3 bxc5 21. bxc5
Bb5 22. Rfe1 f6 23. Nf3 Qd7 24. Qc2 {Diagrama # Ilegible} 1/2-1/2

[Event "36 Abierto Ciudad de Sevilla"]
[Site "?"]
[Date "2011.01.11"]
[Round "5"]
[White "Das, Arghyadip"]
[Black "Haslinger, Stewart G."]
[Result "0-1"]
[WhiteElo "2479"]
[BlackElo "2536"]
[PlyCount "68"]
[EventDate "2011.01.11"]
[SourceDate "2011.01.07"]

1. e4 d6 2. d4 Nf6 3. Nc3 e5 4. Nge2 {
lógicamente la línea crítica pasa por 4.dxe5} c6 5. f3 h5 {
cortando la expansión g4} 6. Be3 Be7 7. g3 Nbd7 8. a4 b6 9. h3 a6 10. Bg2 Bb7
11. g4 hxg4 12. fxg4 Nh7 13. Ng3 g6 14. d5 Bh4 15. Bf2 c5 16. Qd3 Ng5 17. Rf1 {
Diagrama #} c4 {tomando la iniciativa} 18. Qxc4 Nxh3 19. Bxh3 Bxg3 20. Bxg3
Rxh3 21. Bf2 Rc8 22. Qb4 ({la alternativa era} 22. Qe2 Qg5) 22... Qg5 23. Bxb6
$2 (23. Rg1 Nf6) 23... Nxb6 24. Qxb6 Rh2 $19 {también Tc4 o Te3+ eran ganadoras
} 25. Rf2 (25. Rd1 Qh4+ 26. Rf2 Rc5 $19) 25... Qh4 26. Ke2 Qxg4+ 27. Kd2 Qf4+
28. Ke2 Rxc3 29. bxc3 Qxe4+ 30. Kd2 Qf4+ 31. Ke2 Qe4+ 32. Kd2 Qf4+ 33. Ke2 Bxd5
34. Raf1 (34. Rxh2 Qxh2+ 35. Qf2 Bc4+ 36. Ke3 Qh6+ 37. Kf3 f5 $19) 34... Bf3+
0-1

[Event "36 Abierto Ciudad de Sevilla"]
[Site "?"]
[Date "2011.01.11"]
[Round "5"]
[White "Sengupta, Deep"]
[Black "Bellia, Fabrizio"]
[Result "1-0"]
[WhiteElo "2530"]
[BlackElo "2417"]
[PlyCount "113"]
[EventDate "2011.01.11"]
[SourceDate "2011.01.07"]

1. d4 Nf6 2. c4 e6 3. Nc3 d5 4. cxd5 exd5 5. Bg5 c6 6. e3 Be7 7. Bd3 Ne4 8.
Bxe7 Qxe7 9. Qc2 Nxc3 10. bxc3 h6 11. Ne2 O-O 12. Ng3 c5 13. O-O Nc6 14. Qd2
Be6 15. Rae1 {en muchos casos la mejor forma de preparar e4 es !reforzando d4!}
Rac8 16. Bb1 Qd7 17. f3 a6 18. Rf2 f5 19. Qd3 Na5 (19... b5) 20. Ne2 ({
justo ahora podía jugarse} 20. e4 dxe4 21. fxe4 Bc4 22. Qd2 fxe4 23. Bxe4 $16)
20... Nc4 21. Nf4 Na3 22. dxc5 Rxc5 (22... Nxb1 23. Rxb1 Rxc5 24. Rxb7 Qxb7 25.
Nxe6 Rfc8 26. Nxc5 Rxc5 27. Rf1 $16) 23. Qd4 b6 $6 (23... Rc4 24. Qe5 Nxb1 25.
Nxe6 (25. Rxb1 Bf7) 25... Re8 26. Qxg7+ Qxg7 27. Nxg7 Kxg7 28. Rxb1 b5 $15) 24.
Bd3 Nb5 25. Bxb5 Rxb5 26. Rd2 {Diagrama #} Rc5 $6 (26... Qc6) 27. Rb1 Qd6 28.
Rxb6 Qxb6 29. Nxe6 Qxe6 30. Qxc5 Rc8 31. Qxd5 Qxd5 32. Rxd5 Rxc3 33. Rxf5 Rxe3
34. a4 $16 Rc3 35. Kf2 Rc4 36. Ra5 Rc6 37. h4 Kf7 38. h5 Kf6 39. Ke3 Ke6 40.
Kd4 Kd6 41. Rd5+ Ke7 42. Rc5 Rd6+ 43. Kc4 Rd2 44. g4 Rf2 45. Rf5 Rb2 46. Kc5
Rb1 47. Kc6 Rb3 48. a5 Rb4 49. Kc7 Rb3 50. Re5+ Kf6 51. Rc5 Rxf3 52. Rf5+ Rxf5
53. gxf5 Kxf5 54. Kb6 g5 55. hxg6 Kxg6 56. Kxa6 h5 57. Kb6 1-0

[Event "36 Abierto Ciudad de Sevilla"]
[Site "?"]
[Date "2011.01.11"]
[Round "5"]
[White "Dizdar, Goran"]
[Black "Lanzani, Mario"]
[Result "1/2-1/2"]
[WhiteElo "2544"]
[BlackElo "2359"]
[PlyCount "99"]
[EventDate "2011.01.11"]
[SourceDate "2011.01.07"]

1. Nf3 d5 2. c4 d4 3. g3 Nc6 4. Bg2 e5 5. O-O a5 6. d3 Be7 7. e3 h6 8. exd4
exd4 9. Na3 Nf6 10. Nc2 O-O 11. b3 Re8 12. Bb2 Bc5 13. a3 Bf5 14. b4 axb4 15.
axb4 Rxa1 16. Bxa1 Nxb4 17. Nxb4 Bxb4 18. Nxd4 Bg6 19. Qa4 Bf8 20. Bxb7 c5 21.
Nf3 Qb8 (21... Re6) 22. Bxf6 Re6 23. Bd5 (23. Qa8 Qxa8 24. Bxa8 Rxf6 25. Rd1
Bh5 26. Kg2 $16) 23... Rxf6 24. Re1 Qb2 25. Qa1 Qxa1 26. Rxa1 Bxd3 27. Ne5 Bf5
28. Nxf7 Be6 29. Nd8 Bxd5 30. cxd5 {Diagrama #} Bd6 (30... Rd6 31. Ra8 Rxd5 32.
Ne6 Kf7 33. Nxf8 c4 34. Rc8 c3 35. Kg2 c2 36. h4 c1=Q 37. Rxc1 Kxf8) 31. Nb7 (
31. Ra6 $18) 31... Be5 32. Ra8+ Kh7 33. Nxc5 Rd6 34. Ne6 Rxd5 35. Kg2 h5 36. f4
Bf6 37. Kf3 Rb5 38. Ke4 Rb4+ 39. Kf5 Rb5+ 40. Ke4 Rb4+ 41. Kd5 Rb5+ 42. Kd6 Rb2
43. h3 Rd2+ 44. Kc6 Rg2 45. Ra3 Kg6 46. Nf8+ Kf5 47. Ra5+ Ke4 48. Rxh5 Rxg3 49.
Ne6 g6 50. Rh6 1/2-1/2

[Event "36 Abierto Ciudad de Sevilla"]
[Site "?"]
[Date "2011.01.11"]
[Round "5"]
[White "Pogorelov, Ruslan"]
[Black "Del Campo Gomez, Jose Luis"]
[Result "1-0"]
[WhiteElo "2427"]
[BlackElo "2141"]
[PlyCount "62"]
[EventDate "2011.01.11"]
[SourceDate "2011.01.07"]

1. Nf3 f5 2. d4 Nf6 3. g3 g6 4. c4 Bg7 5. Bg2 O-O 6. b4 d6 7. Bb2 c6 8. a4 e5
9. dxe5 Ng4 10. Qb3 Nxe5 11. c5+ Kh8 12. cxd6 Qxd6 13. Nxe5 Bxe5 14. O-O Be6
15. Qd3 Qc7 16. Bxe5+ Qxe5 17. Nd2 Na6 18. Nf3 Qf6 19. Qd4 Bd5 20. b5 Nc7 21.
Rfc1 Ne6 22. Qxf6+ Rxf6 23. e3 Rd8 24. bxc6 Bxc6 25. a5 Be4 26. h4 Rff8 27. Ng5
Nxg5 28. hxg5 Bxg2 29. Kxg2 Rd2 30. Rc4 Kg7 31. Rh1 Rd5 {Diagrama # Ilegible}
1-0

[Event "36 Abierto Ciudad de Sevilla"]
[Site "?"]
[Date "2011.01.11"]
[Round "5"]
[White "Stella, Andrea"]
[Black "Valenti, Giuseppe"]
[Result "1-0"]
[WhiteElo "2361"]
[BlackElo "2133"]
[PlyCount "65"]
[EventDate "2011.01.11"]
[SourceDate "2011.01.07"]

1. Nf3 d6 2. d4 g6 3. e4 Bg7 4. c4 c6 5. Nc3 Nf6 6. Be2 Qa5 7. O-O Bg4 8. Be3
Nbd7 9. Nd2 Bxe2 10. Qxe2 Qh5 11. f3 O-O 12. Rac1 Qa5 13. f4 e5 14. fxe5 dxe5
15. d5 Rac8 16. a3 Qa6 17. h3 Nh5 18. Qg4 Ndf6 19. Qf3 Nf4 20. Bxf4 (20. Rc2)
20... exf4 21. Qxf4 Qb6+ 22. Kh1 Nh5 23. c5 Qxc5 24. Qf3 Be5 (24... f5 $5) 25.
Ne2 Qb5 26. Nc4 cxd5 27. Nxe5 {Diagrama #} dxe4 $2 28. Qxf7+ Rxf7 29. Rxc8+ Kg7
30. Rxf7+ Kh6 31. Ng4+ Kg5 32. Rc2 (32. Nc3 Ng3+ 33. Kh2 Qd3 34. Rc5+ Nf5 35.
Nf2) 32... Qd3 33. Rfc7 $18 {Diagrama # Ilegible} 1-0

[Event "36 Abierto Ciudad de Sevilla"]
[Site "?"]
[Date "2011.01.11"]
[Round "5"]
[White "Estrada Nieto, Julian"]
[Black "Fernandez-Martos Machado, Eduar"]
[Result "1-0"]
[WhiteElo "2309"]
[BlackElo "2129"]
[PlyCount "110"]
[EventDate "2011.01.11"]
[SourceDate "2011.01.07"]

1. e4 Nf6 2. e5 Nd5 3. d4 d6 4. Nf3 dxe5 5. Nxe5 c6 6. Be2 (6. Bc4 $5) 6... Bf5
7. O-O (7. Bh5) (7. g4) 7... Nd7 8. Nf3 (8. Nd3) 8... e6 9. a3 $6 (9. c4 Nb4
10. a3 Nc2 11. Ra2 Nxd4 12. Qxd4 c5 13. Qc3 Bxb1 14. Bg5 f6 15. Rxb1 fxg5 16.
Qe3 Be7 17. Rd1 Bf6 18. b4 Qe7 19. Rad2 Nf8 20. Rd6 cxb4 21. axb4 h5 22. c5 g4
23. Nd2 Kf7 24. Ne4 Rh6 25. Bc4 Kg8 26. Nxf6+ Rxf6 27. b5 Kh8 28. c6 bxc6 29.
bxc6 a5 30. Qg5 Qf7 31. Rd8 Rxd8 32. Rxd8 Rf5 33. Qxf5 {
1-0 Carlsen,M (2552)-Madsen,D (2287)/Trondheim 2004}) 9... Bd6 10. Re1 O-O (
10... b5 11. Nbd2 Qb8 12. Bf1 O-O 13. Ne4 $14) 11. c4 N5f6 (11... Nf4 12. Bf1
Qf6 13. Nc3 Qg6 14. Bxf4 Bxf4 15. Nh4 Qh6 16. Nxf5 exf5 17. g3 $14) 12. Nc3 (
12. Nh4) 12... Qc7 $146 (12... Re8) 13. h3 (13. g3) 13... Rad8 14. Be3 (14. Bd3
) 14... Rfe8 (14... h6) (14... Ne4 $11) 15. Qc1 (15. Bd3) (15. b4 e5 16. d5)
15... e5 16. d5 (16. c5 Bf8 17. b4 h6 18. Ra2 Ne4 $11) 16... Nc5 (16... Bc5) (
16... h6) 17. Ra2 Nd3 $6 (17... cxd5 18. cxd5 Nd3 19. Bxd3 Bxd3 20. Bg5 e4 21.
Nd2 Bc5 {con contrajuego}) 18. Bxd3 Bxd3 19. c5 Bxc5 $1 20. Bxc5 cxd5 21. Bxa7
(21. Be3 d4) 21... b6 22. Nxd5 (22. Nxe5 Rxe5 23. Rxe5 Qxe5 24. Bxb6 Re8 25.
Qd2 $14) 22... Qxa7 23. Nxf6+ gxf6 24. Qh6 Re6 $2 (24... Qe7) 25. Rxe5 $1 Rxe5
$2 (25... fxe5 26. Qg5+ Bg6 27. Qxd8+ Kg7 28. b4 $16) (25... Bb1 $1 26. Rxe6
fxe6 27. Ra1 Rd1+ 28. Kh2 Qc7+ 29. g3 Qc2 30. Qe3 Qxb2 31. Rxb1 Qxb1 32. Qxe6+
Kg7 33. Qe7+ $11) 26. Nxe5 {Diagrama #} Bb1 (26... Bg6 27. Nxg6 Rd1+ 28. Kh2
hxg6 29. Qf4 $16) 27. Ng4 $1 $18 (27. Ra1 Rd1+ 28. Kh2 fxe5 29. Qg5+ $11) 27...
Rd1+ 28. Kh2 Qc7+ (28... Qb8+ 29. f4 Rd6 30. Ra1 $16) 29. g3 (29. f4 Qc5 30. b4
Qg1+ 31. Kg3 Rd3+ 32. Kh4 Qe1+ 33. Rf2 Rd6) 29... Rd6 30. Ra1 Bg6 31. Re1 (31.
Qf4 $1) (31. Rd1 $1) 31... Qd8 32. Qf4 (32. h4) 32... Kg7 33. h4 (33. Re8 $5)
33... h5 34. Ne3 Rd2 35. b4 Qd3 36. Kg1 Be4 $2 37. Ng4 $1 hxg4 38. Qxe4 Qxe4
39. Rxe4 f5 40. Re3 (40. Rf4 $1 Kf6 41. a4 $16) 40... Kf6 41. Kg2 Ra2 42. Rc3
b5 43. Rc5 Rxa3 44. Rxb5 Rb3 45. Rb6+ Kg7 46. b5 Rb2 $2 (46... f4 $1 47. gxf4
Rf3 48. Rb8 Rxf4 49. Kg3 Rb4 50. h5 f5 51. Kh4 Kh7 52. Kg5 Rb2 53. Kxf5 Rxf2+
54. Kxg4 Rb2 55. Kf5 $18) 47. Rb8 Kh7 48. b6 Kh6 49. b7 Kg7 50. Kf1 Kh7 51. Ke1
Kg7 52. Kd1 Kh7 53. Kc1 Rb4 54. Kc2 Kg7 55. Kc3 Kf6 {
Comentarios de Estrada para P. Belleza} 1-0

[Event "36 Abierto Ciudad de Sevilla"]
[Site "?"]
[Date "2011.01.11"]
[Round "5"]
[White "Piasetski, Leon"]
[Black "Kierzek, Matthias Dr."]
[Result "1-0"]
[WhiteElo "2303"]
[BlackElo "2127"]
[PlyCount "67"]
[EventDate "2011.01.11"]
[SourceDate "2011.01.07"]

1. c4 Nf6 2. Nf3 e6 3. d4 d5 4. Nc3 c5 5. cxd5 Nxd5 6. e3 Nc6 7. Bd3 Be7 8. O-O
cxd4 9. exd4 O-O 10. Re1 Bf6 11. Be4 Nce7 12. Ne5 Bd7 13. Qd3 g6 14. Bh6 Bg7
15. Qh3 Bc6 16. Rad1 Nxc3 {Diagrama #} 17. Bxg7 $2 (17. Nxc6 bxc6 18. bxc3 $16)
17... Ne2+ $2 (17... Nxd1 18. Bxf8 Qxd4 $17) 18. Rxe2 $16 Kxg7 19. Nxc6 Nxc6
20. Bxc6 bxc6 21. Qc3 Rc8 22. d5+ Kg8 23. d6 Qd7 24. Re5 Rb8 25. Rc5 Rb6 26. h4
Rfb8 27. b3 Rc8 28. h5 Rb5 29. h6 f5 30. Rc1 Rxc5 31. Qxc5 Rd8 32. Qxc6 Kf7 33.
Qc3 Kg8 34. Qe5 1-0

[Event "36 Abierto Ciudad de Sevilla"]
[Site "?"]
[Date "2011.01.12"]
[Round "6"]
[White "Gonzalez Garcia, Jose"]
[Black "Abbasov, Farid"]
[Result "1/2-1/2"]
[WhiteElo "2503"]
[BlackElo "2537"]
[PlyCount "45"]
[EventDate "2011.01.12"]
[SourceDate "2011.01.07"]

1. d4 Nf6 2. c4 g6 3. g3 Bg7 4. Bg2 O-O 5. Nc3 d6 6. Nf3 c5 7. d5 e5 8. O-O Na6
9. e4 Nc7 10. Ne1 b5 11. cxb5 a6 12. b6 Nb5 13. Nxb5 axb5 14. b4 c4 (14... Qxb6
15. Qc2 c4 (15... cxb4 16. Nd3) 16. a4 bxa4 17. Rxa4 Rxa4 18. Qxa4 Bd7 19. Qa5
$11) 15. a4 Qxb6 16. a5 Qb8 17. Bb2 Qa7 18. Nc2 Ng4 19. h3 Nh6 20. g4 f6 21.
Kh1 Nf7 22. Qc1 Qc7 23. Ra3 {Diagrama #} 1/2-1/2

[Event "36 Abierto Ciudad de Sevilla"]
[Site "?"]
[Date "2011.01.12"]
[Round "6"]
[White "Codenotti, Marco"]
[Black "Lemos, Damian"]
[Result "0-1"]
[WhiteElo "2264"]
[BlackElo "2553"]
[PlyCount "52"]
[EventDate "2011.01.12"]
[SourceDate "2011.01.07"]

1. e4 c6 2. Ne2 d5 3. e5 d4 4. c3 c5 5. b4 $5 (5. d3) (5. Nf4) 5... Qd5 $15 6.
bxc5 $6 (6. cxd4) (6. d3) 6... d3 $17 7. Qa4+ Nc6 8. Ng3 Qxe5+ 9. Qe4 Nf6 $6 (
9... Qxe4+ 10. Nxe4 f5 11. Ng5 e5) 10. Qxe5 Nxe5 11. f4 Ng6 12. Bxd3 Nxf4 13.
Bb5+ $6 (13. Bf1 Bd7 14. d4) 13... Bd7 {Diagrama #} 14. O-O $2 (14. Bxd7+ Nxd7
15. d4 Nxg2+ 16. Kf2 Nh4 $15) 14... Bxb5 15. Rxf4 e5 (15... Bd3) 16. Rf5 Nd7 (
16... O-O-O) 17. d4 g6 18. Rf2 Bg7 19. Na3 Bc6 20. d5 $2 (20. Nc4) 20... Bxd5
21. Nb5 O-O 22. Nc7 Bc6 23. Nxa8 Rxa8 24. Bb2 (24. Ba3) 24... Nxc5 25. Rd1 e4
26. Re2 Nd3 0-1

[Event "36 Abierto Ciudad de Sevilla"]
[Site "?"]
[Date "2011.01.12"]
[Round "6"]
[White "Rizouk, Aimen"]
[Black "Stella, Andrea"]
[Result "1/2-1/2"]
[WhiteElo "2539"]
[BlackElo "2361"]
[PlyCount "42"]
[EventDate "2011.01.12"]
[SourceDate "2011.01.07"]

1. e4 c5 2. Nf3 d6 3. d4 cxd4 4. Nxd4 Nf6 5. Nc3 a6 6. Be3 Ng4 7. Bc1 Nf6 8.
Be2 e5 9. Nb3 Be7 10. Be3 Be6 11. O-O O-O 12. Qd2 b5 13. a4 b4 14. Nd5 Nxe4 15.
Nxe7+ Qxe7 16. Qxb4 f5 17. Na5 Rc8 18. Bf3 Nd7 19. Bxe4 fxe4 20. Rfd1 (20. Qxe4
d5 21. Qd3 Qb4 22. Nb3 d4 23. Bd2 Qc4 24. Qxc4 Bxc4 $17) 20... Nc5 21. Bxc5
Rxc5 $15 {Diagrama #} 1/2-1/2

[Event "36 Abierto Ciudad de Sevilla"]
[Site "?"]
[Date "2011.01.12"]
[Round "6"]
[White "Paunovic, Dragan"]
[Black "Estrada Nieto, Julian"]
[Result "1-0"]
[WhiteElo "2509"]
[BlackElo "2309"]
[PlyCount "41"]
[EventDate "2011.01.12"]
[SourceDate "2011.01.07"]

1. Nf3 d5 2. g3 Nf6 3. Bg2 c6 4. O-O Bg4 5. d3 Nbd7 6. c4 dxc4 7. dxc4 Bxf3 8.
Bxf3 Ne5 9. Nd2 Nxf3+ 10. Nxf3 Qxd1 11. Rxd1 e6 12. Be3 Be7 13. Rd3 O-O 14. Rb3
b6 15. Ne5 Rac8 {Diagrama #} (15... Bd6 $5) 16. Rd1 $14 Rfd8 (16... h6) 17.
Rxd8+ Bxd8 18. Ra3 $16 Rc7 $2 19. c5 $6 (19. Bxb6 axb6 20. Ra8) 19... bxc5 20.
Bxc5 Nd7 21. Rd3 1-0